UBT Library

The Mexican-American border region : (Record no. 40742)

000 -LEADER
fixed length control field 00736pam a2200241 a 4500
001 - CONTROL NUMBER
control field 565770
005 - DATE AND TIME OF LATEST TRANSACTION
control field 20180123042818.0
008 - FIXED-LENGTH DATA ELEMENTS--GENERAL INFORMATION
fixed length control field 890127s1989 inua b 001 0 eng
010 ## - LIBRARY OF CONGRESS CONTROL NUMBER
LC control number 89040018
020 ## - INTERNATIONAL STANDARD BOOK NUMBER
International Standard Book Number 0268013764 :
Terms of availability $21.95
040 ## - CATALOGING SOURCE
Original cataloging agency DLC
Transcribing agency DLC
Modifying agency DLC
041 ## - LANGUAGE CODE
Language code of text/sound track or separate title eng
043 ## - GEOGRAPHIC AREA CODE
Geographic area code n-us---
-- n-mx---
080 ## - UNIVERSAL DECIMAL CLASSIFICATION NUMBER
Universal Decimal Classification number 330.97210834 pau
082 00 - DEWEY DECIMAL CLASSIFICATION NUMBER
Classification number 330.97210834 pau
Edition number 20
100 1# - Rafti
Rafti 20
101 ## - Shkurtesa
Shkurtesa pol
245 14 - TITLE STATEMENT
Title The Mexican-American border region :
Statement of responsibility, etc Raul A. Fernandez.
504 ## - BIBLIOGRAPHY, ETC. NOTE
Bibliography, etc Bibliography: p. 125-143.
906 ## - LOCAL DATA ELEMENT F, LDF (RLIN)
a 7
b cbc
c orignew
d 1
e ocip
f 19
g y-gencatlg
942 ## - ADDED ENTRY ELEMENTS (KOHA)
Source of classification or shelving scheme
Item type Books
Holdings
Withdrawn status Lost status Source of classification or shelving scheme Damaged status Not for loan Collection code Permanent location Current location Shelving location Date acquired Total Checkouts Full call number Barcode Date last seen Price effective from Koha item type
          Koleksioni i përgjithshem UBT - Lipjan UBT - Lipjan Koleksioni i përgjithshem 01/23/2018   330.97210834 pau 002-2996063 01/23/2018 01/23/2018 Books
UBT Library © 2015-2024. All rights reserved University Education for Business and Technology